Lecturas de oro.
Gespeichert in:
| 1. Verfasser: | |
|---|---|
| Weitere Verfasser: | |
| Format: | keine Angabe |
| Sprache: | Spanisch |
| Erschienen: |
Madrid
Escuela Española
1955
|
| Ausgabe: | 73ª |
| Katalog: | MANES: Suchergebnis im Bibliothekskatalog |
| Schulbuchspezifische Eigenschaften: |
|
| Tags: |
Tag hinzufügen
Keine Tags, Fügen Sie den ersten Tag hinzu!
|
| Hinzugefügt zu: | 26.04.2016 |
MARC
| LEADER | 000000000a22000000004500 | ||
|---|---|---|---|
| 001 | 10701 | ||
| 003 | OSt | ||
| 008 | 160427s sp ||||| |||| 00| 0 spa d | ||
| 040 | |c centro_manes | ||
| 041 | 1 | |a spa | |
| 691 | 7 | |a PRI | |
| 100 | 1 | |a Bernal, Jesús. Ilustraciones |9 3232 | |
| 690 | 0 | |a EyL | |
| 700 | 1 | |a Solana, Ezequiel. Autor |9 1832 | |
| 245 | 0 | 0 | |a Lecturas de oro. |
| 250 | |a 73ª | ||
| 260 | 3 | |a Madrid |b Escuela Española |c 1955 | |
| 300 | |a 157 p. |c 20 x 14 cm | ||
| 500 | |a Encuadernado en Rústica. Aprobada por la Autoridad Eclesiástica y por el M.E.N. Del estilo del camarada. Incluye un índice de materia. | ||
| 942 | |2 ddc |c BK | ||
| 546 | |a España | ||
| 999 | |c 16675 |d 16675 | ||
| 999 | |c manes:16675 |d 16675 | ||